Storm Applied (Record no. 223163)

MARC details
000 -LEADER
fixed length control field 00443nam a2200193Ia 4500
008 - FIXED-LENGTH DATA ELEMENTS--GENERAL INFORMATION
fixed length control field 240823s9999||||xx |||||||||||||| ||und||
020 ## - INTERNATIONAL STANDARD BOOK NUMBER
International Standard Book Number 978-93-5119-798-0
082 ## - DEWEY DECIMAL CLASSIFICATION NUMBER
-- 005.1 Q5
100 ## - MAIN ENTRY--PERSONAL NAME
Personal name Sean T Allen et al.
245 #0 - TITLE STATEMENT
Title Storm Applied
250 ## - EDITION STATEMENT
Edition statement 1st
260 ## - PUBLICATION, DISTRIBUTION, ETC. (IMPRINT)
Date of publication, distribution, etc 2015
Name of publisher, distributor, etc Dreamtech New
500 ## - GENERAL NOTE
General note YES
650 ## - SUBJECT ADDED ENTRY--TOPICAL TERM
Topical term or geographic name as entry element Storm Applied
942 ## - ADDED ENTRY ELEMENTS (KOHA)
Item type Books
Holdings
Withdrawn status Lost status Damaged status Permanent location Current location Date acquired Source of acquisition Cost, normal purchase price Full call number Barcode Date last seen Koha item type
      CENTRAL LIBRARY, NOORUL ISLAM CENTRE FOR HIGHER EDUCATION CENTRAL LIBRARY, NOORUL ISLAM CENTRE FOR HIGHER EDUCATION 10/21/2015 Pai & Co Coimbatore 799.00 005.1 Q5 72106 08/23/2024 Books
Visitors:
Copyright © 2024 Central Library NICHE.  All rights reserved.